000 00302nam a22001337a 4500
008 170316b xxu||||| |||| 00| 0 eng d
020 _a03540113223
041 _aeng
080 _a611
100 _a7
101 _aSHM
245 _aGRAND MYEGRAPHY OF THE SPINE AND CORD
_cDEREK..H.H
942 _2udc
_cBK
999 _c7964
_d7964